000 00843cam a2200217 a 4500
020 _a9780849901836 (hardcover)
020 _a0849901839 (hardcover)
040 _cDLC
082 0 0 _a261 THO 2007 A009 Or.
100 1 _aMcLaren, Brian D.,
245 1 0 _aEverything must change :
_bJesus, global crises, and a revolution of hope /
260 _aNashville :
_bThomas Nelson,
_cc2007.
300 _av, 327 p. :
_bill. ;
_c22 cm.
520 _a"What do the life and teaching of Jesus have to say about the most critical global problems in our world today?"--Provided by publisher.
650 0 _aChristianity
650 0 _aChristian life.
650 0 _aChurch and social problems
856 4 1 _uhttp://www.loc.gov/catdir/toc/ecip0720/2007025312.html
856 4 2 _uhttp://www.loc.gov/catdir/enhancements/fy0738/2007025312-d.html
942 _cEK
999 _c12206
_d12206